000 00326nam a2200133 i 4500
001 bg
100 1 _aWŁOSTOWSKA, Larysa
245 0 _aRepublika Indii - Bharat Genatantra /
_cLarysa Włostowska.
260 _aWarszawa,
_c1976.
040 _cBPK
041 _apol
942 _cKS
008 s pl f |000 0 pol
999 _c17435
_d17435
856 _uhttp://koha.tu.koszalin.pl/cgi-bin/koha/opac-detail.pl?biblionumber=17435
_yKatalog online BPK